| 000 | 00747nam a22002295a 4500 | ||
|---|---|---|---|
| 008 | 150701s2009 ii adk fr 001 0 eng d | ||
| 020 | _a9788131211588 | ||
| 040 |
_aEG-ScBUE _beng _cEG-ScBUE |
||
| 082 | 0 | 4 |
_a615.1 _bTEX _222 |
| 245 | 0 | 0 |
_aTextbook of pharmacology / _ceditors S. D. Seth, Vimlesh Seth. |
| 250 | _a3rd ed. | ||
| 260 |
_aNoida : _bElsevier / a division of Reed Elsevier India Private Limited, _c2009. |
||
| 300 |
_a[various pagings] : _bchart, forms, tables ; _c28 cm. |
||
| 500 | _aInclude Index. | ||
| 650 | 7 |
_aPharmacology. _2BUEsh _912590 |
|
| 651 | _2BUEsh | ||
| 653 |
_bPPhrm _cJuly2015 |
||
| 655 |
_vreading book _934232 |
||
| 700 | 1 |
_aSeth, S. D., _eeditor. |
|
| 700 | 1 |
_aSeth, Vimlesh, _eeditor. |
|
| 942 |
_2ddc _k615.1 TEX |
||
| 999 |
_c20099 _d20071 |
||